Sede para la formación y difusión artística : instalaciones para la sede del Sistema Nacional de Educación Musical (SINEM) en la ciudad de Oreamuno de Cartago
Na minha lista:
| Autor principal: | |
|---|---|
| Outros Autores: | |
| Formato: | Desconhecido |
| Idioma: | Spanish |
| Publicado em: |
[San José, Costa Rica]
2016
|
| Assuntos: |
SISTEMA NACIONAL DE EDUCACION MUSICAL (COSTA RICA)
> DISEÑO ARQUITECTONICO - OREAMUNO (CARTAGO, COSTA RICA)
> ACUSTICA EN ARQUITECTURA
> ESPACIO EN EL ARTE
> EDIFICIOS - OREAMUNO (CARTAGO, COSTA RICA) - DISEÑOS Y PLANOS
> CENTROS DE DESARROLLO CULTURAL - OREAMUNO (CARTAGO, COSTA RICA) - DISEÑOS Y PLANOS
|
| Tags: |
Adicionar Tag
Sem tags, seja o primeiro a adicionar uma tag!
|
MARC
| LEADER | 00000 a2200000 4500 | ||
|---|---|---|---|
| 003 | EA0129 | ||
| 005 | 20230223134410.0 | ||
| 008 | 140114s2016 cr a 000 ||spa d | ||
| 040 | |c cru CEDI | ||
| 090 | |a TFG EA-129 | ||
| 100 | |a Robles Araya, Eliel |9 20224 | ||
| 245 | |a Sede para la formación y difusión artística : instalaciones para la sede del Sistema Nacional de Educación Musical (SINEM) en la ciudad de Oreamuno de Cartago | ||
| 260 | |a [San José, Costa Rica] |c 2016 | ||
| 500 | |a Proyecto de graduación (licenciatura en arquitectura)-- Universidad de Costa Rica. Facultad de Ingeniería. Escuela de Arquitectura | ||
| 501 | |a Director de Proyecto de Graduación: Arq. Manuel Morales Alpízar | ||
| 650 | |x SISTEMA NACIONAL DE EDUCACION MUSICAL (COSTA RICA) |x DISEÑO ARQUITECTONICO - OREAMUNO (CARTAGO, COSTA RICA) |x ACUSTICA EN ARQUITECTURA |x ESPACIO EN EL ARTE |x EDIFICIOS - OREAMUNO (CARTAGO, COSTA RICA) - DISEÑOS Y PLANOS |x CENTROS DE DESARROLLO CULTURAL - OREAMUNO (CARTAGO, COSTA RICA) - DISEÑOS Y PLANOS |9 20225 | ||
| 700 | |9 74 |a Morales Alpízar, Manuel, 1977- |d Director del TFG | ||
| 942 | |c CEDI | ||
| 999 | |c 12649 |d 12649 | ||
